Kendrick Lamar - TPAB: Sudden Death - Statistics

General Stats
  • This quiz has been taken 123 times
  • The average score is 12 of 16
Answers on the Grid
Answers color-coded by a green-red scale on the quiz's grid according to % correct below.
How Much A Dollar Cost
u
Compton
Die Hard
Hood Politics
For Free? - Interlude
F*ck Your Ethnicity
King Kunta
Auntie Diaries
i
Ronald Reagan Era
Complexion (A Zulu Love)
Blow My High (Members Only)
Wesley's Theory
Barbed Wire
Blood
Momma
Money Trees
Mortal Man
These Walls
Alright
Squabble Up
For Sale? - Interlude
The Blacker The Berry
Real
You Ain't Gotta Lie (Momma Said)
Institutionalized
 
Answer Stats
Answer % Correct
u
90%
King Kunta
89%
How Much A Dollar Cost
88%
Wesley's Theory
86%
i
81%
For Free? - Interlude
80%
Hood Politics
78%
Alright
77%
For Sale? - Interlude
76%
Institutionalized
76%
The Blacker The Berry
76%
These Walls
76%
Mortal Man
73%
Complexion (A Zulu Love)
68%
Momma
68%
You Ain't Gotta Lie (Momma Said)
68%
No matching quizzes found
Score Distribution
Percent of People with Each Score
Percentile by Number Answered
Your Score History
You have not taken this quiz